Statistics for Premier League Players By Letter - S

Click here to take the quiz!

General Stats

  • This quiz has been taken 267 times
  • The average score is 21 of 36

Answer Stats

First NameSurnameClub% Correct
AlexisSanchezArsenal
91%
CarlosSanchezAston Villa
91%
Heung-minSonTottenham Hotspur
88%
RaheemSterlingManchester City
88%
LukeShawManchester United
87%
BacarySagnaManchester City
82%
KasperSchmeichelLeicester City
80%
XherdanShaqiriStoke City
79%
JonjoShelveySwansea City
78%
DavidSilvaManchester City
77%
MamadouSakhoLiverpool
74%
DiafraSakhoWest Ham
74%
DanielSturridgeLiverpool
73%
GylfiSigurdssonSwansea City
72%
MoussaSissokoNewcastle United
72%
BastianSchweinsteigerManchester United
71%
ChrisSmallingManchester United
69%
MartinSkrtelLiverpool
65%
JohnStonesEverton
63%
MorganSchneiderlinManchester United
61%
CédricSoaresSouthampton
57%
RyanShawcrossStoke City
56%
DannySimpsonLeicester City
52%
AdamSmithBournemouth
50%
ScottSinclairAston Villa
45%
BakarySakoCrystal Palace
42%
JeffSchluppLeicester City
39%
StéphaneSessegnonWest Bromwich
39%
JuniorStanislasBournemouth
37%
PhilippeSenderosAston Villa
35%
MarkSchwarzerLeicester City
32%
MartenStekelenburgSouthampton
29%
AlexandreSongWest Ham
27%
JulianSperoniCrystal Palace
26%
PapeSouaréCrystal Palace
23%
AndrewSurmanBournemouth
20%

Score Distribution

Percentile by Number Answered

Percent of People with Each Score

Your Score History

You have not taken this quiz